[Event "Bundesliga 8687"]
[Site "Germany"]
[Date "1987.??.??"]
[Round "?"]
[White "Schlaugat, Michael"]
[Black "Wiemer, Ralf"]
[Result "0-1"]
[WhiteElo "2245"]
[BlackElo "2325"]

1.d4 Nf6 2.Bg5 e6 3.c3 h6 4.Bh4 b6 5.e3 Bb7 6.Nf3 d6 7.Bb5+ Nbd7 8.Bxf6 gxf6
9.Qa4 a6 10.Bxd7+ Qxd7 11.Qxd7+ Kxd7 12.Nbd2 f5 13.Ke2 Be7 14.Rhd1 Bf6 15.Rac1 Ke7
16.g3 Rac8 17.Ne1 c5 18.Nd3 Rc7 19.dxc5 bxc5 20.c4 Bc6 21.Nb1 Rb8 22.Rd2 a5
23.Nc3 a4 24.Nd1 Rcb7 25.Nc3 Rb6 26.Rcc2 e5 27.Nd1 R6b7 28.Nc1 h5 29.Nd3 h4
30.Ne1 hxg3 31.hxg3 Be4 32.Nd3 f4 33.gxf4 exf4 34.exf4 Bd4 35.Nc3 Bc6 36.Nd1 Kf6
37.Ne3 Re8 38.Kf1 Bf3 39.Ne1 Be4 40.Nd3 Rh8 41.Ke2 Rhb8 42.Nd1 Re7 43.Ne3 Rh8
44.Rc1 Rh3 45.Ne1 Bf5 46.Ng2 Rh2 47.Kf1 Rh1+ 48.Ke2 Rxc1  0-1

[Event "Jakarta zt"]
[Site "Jakarta"]
[Date "1987.??.??"]
[Round "?"]
[White "Depasquale, Chris"]
[Black "Ye Jiangchuan"]
[Result "0-1"]
[WhiteElo "2290"]
[BlackElo "2480"]

1.d4 Nf6 2.Bg5 e6 3.Nf3 d5 4.Nbd2 Be7 5.Bxf6 Bxf6 6.e4 c5 7.e5 Be7 8.dxc5 Qa5
9.c3 Qxc5 10.Qa4+ Nd7 11.h4 Qc7 12.Rh3 O-O 13.O-O-O Nxe5 14.Nxe5 Qxe5 15.Bd3 Qc7
16.Qc2 f5 17.g4 fxg4 18.Bxh7+ Kh8 19.Rg3 e5 20.Nf1 e4 21.Bg6 Qb6 22.Ne3 Qxg6
23.h5 Qh6 24.Kb1 Bc5 25.Nxd5 Rxf2 26.Ne7 Rxc2  0-1

[Event "London Peace"]
[Site "London"]
[Date "1987.??.??"]
[Round "?"]
[White "Hodgson, Julian M"]
[Black "Lodhi, Mahmood"]
[Result "1-0"]
[WhiteElo "2510"]
[BlackElo "2365"]

1.d4 Nf6 2.Bg5 e6 3.e4 h6 4.Bxf6 Qxf6 5.Nf3 d5 6.e5 Qd8 7.c4 dxc4 8.Bxc4 Nd7
9.Nc3 Nb6 10.Bb3 Bd7 11.O-O Bc6 12.Rc1 Be7 13.Qd3 Bxf3 14.Qxf3 c6 15.Qg4 g6
16.Bxe6 fxe6 17.Qxe6 Kf8 18.Qxg6 Qe8 19.Qe4 Rd8 20.f4 Rg8 21.f5 Bg5 22.Rcd1 Nc4
23.f6 Qe6 24.d5 cxd5 25.Nxd5 Nd2 26.Qb4+ Kf7 27.Qe7+ Qxe7 28.fxe7+ Nxf1 29.exd8=N+ Rxd8
30.Kxf1 Ke6 31.Nf4+ Kxe5 32.Rxd8 Bxd8 33.Nd3+ Kd4 34.Ke2 Bc7 35.g3 a5 36.Nf2 a4
37.Ng4 h5 38.Ne3 Ke4 39.Nd1 Be5 40.Nc3+ Kf5 41.Nxa4 Kg4 42.Nc5 Kh3 43.Nd3 Bf6
44.Kf3 Kxh2 45.b3 h4 46.gxh4 Bxh4 47.Nc5 b5 48.Ne6 Kg1 49.Nd4  1-0

[Event "Namestovo"]
[Site "Namestovo"]
[Date "1987.??.??"]
[Round "5"]
[White "Meduna, Eduard"]
[Black "Blatny, Pavel"]
[Result "1-0"]
[WhiteElo "2495"]
[BlackElo "2405"]

1.d4 Nf6 2.Bg5 e6 3.e3 b6 4.Nf3 Bb7 5.Be2 h6 6.Bh4 g5 7.Bg3 Ne4 8.Nbd2 Nxg3
9.hxg3 Bg7 10.c3 d6 11.a4 a5 12.O-O f5 13.Bd3 O-O 14.e4 Ba6 15.Bxa6 Nxa6
16.Qb3 Qd7 17.exf5 Rxf5 18.Rae1 d5 19.Re2 Re8 20.Rfe1 Nb8 21.Nf1 g4 22.Ne5 Bxe5
23.Rxe5 Rxe5 24.Rxe5 Qf7 25.Re2 Qg6 26.Ne3 Kg7 27.c4 Nc6 28.cxd5 Nxd4 29.Qc3 c5
30.dxc6 e5 31.Rd2 Rc8 32.c7 Qe4 33.Qc4 h5 34.Kf1 Qb7 35.Nd5 Ne6 36.Qe4 Qa6+
37.Kg1 Nxc7 38.Qxe5+  1-0

[Event "Wch Girls U20"]
[Site "Adelaide"]
[Date "1988.??.??"]
[Round "?"]
[White "Amura, Claudia Noemi"]
[Black "Galliamova, Alisa"]
[Result "0-1"]
[WhiteElo "2195"]
[BlackElo "2250"]

1.d4 Nf6 2.Bg5 e6 3.e4 h6 4.Bxf6 Qxf6 5.Nf3 g6 6.Nc3 Bg7 7.Bd3 d6 8.e5 Qe7
9.O-O O-O 10.Qd2 Nc6 11.Rfe1 b6 12.exd6 cxd6 13.d5 Ne5 14.Nxe5 dxe5 15.Be4 Rb8
16.Bf3 Rd8 17.Qe3 f5 18.dxe6 Bxe6 19.Bc6 Qc5 20.Ba4 Qxe3 21.Rxe3 e4 22.Kf1 Bc4+
23.Ke1 Bd4 24.Rh3 b5 25.Bb3 Kg7 26.Rb1 g5 27.Nd1 g4 28.Rg3 Be5 29.Re3 Bf4
30.Bxc4 Bxe3 31.Nxe3 bxc4 32.Nxf5+ Kh7 33.Ne3 c3 34.b3 Rd2 35.Rc1 Rf8 36.Nd1 e3
37.fxe3 Rxg2 38.Rb1 Rxh2 39.Nxc3 Rc8  0-1

[Event "EU-ch U20"]
[Site "Arnhem"]
[Date "1988.??.??"]
[Round "12"]
[White "Van der Werf, Mark"]
[Black "Wahls, Matthias"]
[Result "0-1"]
[WhiteElo "2260"]
[BlackElo "2460"]

1.d4 Nf6 2.Bg5 e6 3.Nf3 h6 4.Bxf6 Qxf6 5.e4 d6 6.Nbd2 Nd7 7.c3 e5 8.d5 g6
9.Qc2 c6 10.c4 Qd8 11.g3 Be7 12.Bh3 O-O 13.O-O Qc7 14.dxc6 bxc6 15.Rfd1 a5
16.Nf1 Nc5 17.Bxc8 Qxc8 18.Ne3 Qe6 19.b3 f5 20.exf5 gxf5 21.Ng2 d5 22.cxd5 cxd5
23.Rac1 Rfc8 24.Ne3 Ne4 25.Qb2 d4 26.Nc4 Bf6 27.Re1 a4 28.Ncd2 Nc5 29.Qb1 e4
30.Rc4 Qd5 31.Qc2 d3 32.Qc1 exf3 33.b4 Bg5 34.Rxc5 Rxc5 35.bxc5 Qxa2 36.Qc4+ Qxc4
37.Nxc4 a3 38.Nb6 d2 39.Rd1 Re8  0-1

[Event "Barcelona Vulca"]
[Site "Barcelona"]
[Date "1988.??.??"]
[Round "2"]
[White "Bellon Lopez, Juan Manuel"]
[Black "Cuadras, Jorge"]
[Result "1-0"]
[WhiteElo "2445"]
[BlackElo "2300"]

1.d4 Nf6 2.Bg5 e6 3.e3 c5 4.Nd2 d5 5.c3 Nbd7 6.f4 Be7 7.Bd3 b6 8.Qf3 Bb7
9.Ne2 h6 10.Bxf6 Bxf6 11.O-O-O Qc7 12.Kb1 O-O-O 13.e4 dxe4 14.Bxe4 Be7 15.f5 exf5
16.Qxf5 Rhf8 17.Bxb7+ Qxb7 18.Rhe1 g6 19.Qh3 Kb8 20.Qxh6 Qxg2 21.Qf4+ Ka8
22.Ng3 Rde8 23.Re2 Qb7 24.Rde1 Nb8 25.Qf3  1-0

[Event "Cannes op"]
[Site "Cannes"]
[Date "1988.??.??"]
[Round "?"]
[White "Giffard, Nicolas"]
[Black "Kosten, Anthony C"]
[Result "1-0"]
[WhiteElo "2310"]
[BlackElo "2515"]

1.d4 Nf6 2.Bg5 e6 3.e4 h6 4.Bxf6 Qxf6 5.Nf3 g6 6.Nbd2 Bg7 7.Bd3 d6 8.e5 Qe7
9.O-O Nd7 10.Re1 dxe5 11.dxe5 b6 12.Qe2 Bb7 13.Qe3 Rd8 14.Qf4 g5 15.Qg3 Qb4
16.Nc4 Qc5 17.a4 Bd5 18.b3 Qe7 19.a5 Bxf3 20.axb6 axb6 21.gxf3 Nc5 22.Bf1 O-O
23.Ra7 Ra8 24.Rea1 Rxa7 25.Rxa7 Qd8 26.b4 Nd7 27.b5 Qb8 28.Ra3 Rd8 29.f4 gxf4
30.Qxf4 Nf8 31.Rf3 Rd7 32.Bd3 Qd8 33.Rg3 Ng6 34.Bxg6 fxg6 35.Rxg6 Kh7 36.Rg3 Rd1+
37.Kg2 Qd7 38.Qe4+ Kh8 39.Ne3 Rd2 40.Qg6 c6 41.Rf3 Qd4 42.Ng4 Re2 43.Nf6  1-0

[Event "Caorle op"]
[Site "Caorle"]
[Date "1988.??.??"]
[Round "8"]
[White "Verrascina, Nicola"]
[Black "Mesman, F."]
[Result "1-0"]
[WhiteElo "1970"]
[BlackElo "2000"]

1.d4 Nf6 2.Bg5 e6 3.e4 Be7 4.Bd3 b6 5.Nd2 Bb7 6.Qe2 Nc6 7.c3 d6 8.Ngf3 Nd7
9.Be3 h6 10.b4 a6 11.a4 Bg5 12.Nxg5 hxg5 13.Qg4 Rh4 14.Qxg5 Qxg5 15.Bxg5 Rg4
16.h4 f6 17.Be2 Rxg2 18.Bf3 Rxg5 19.hxg5 Ke7 20.gxf6+ Nxf6 21.Ke2 Rg8 22.Rag1 Nb8
23.c4 Nbd7 24.e5 Bxf3+ 25.Nxf3 Ne8 26.Ke3 Nb8 27.b5 a5 28.Rh6 Nd7 29.Rh5 Nf8
30.Nh4 Nd7 31.f4 Nf8 32.f5 exf5 33.Nxf5+ Kd8 34.Nh6 g6 35.Nxg8 gxh5 36.Nf6 dxe5
37.dxe5 Ne6 38.Rg8 Ng7 39.Nxe8 Nxe8 40.Rh8 Kd7 41.Rxh5  1-0

[Event "DEN-ch"]
[Site "?"]
[Date "1988.??.??"]
[Round "5"]
[White "Berg, Klaus"]
[Black "Danielsen, Henrik"]
[Result "1-0"]
[WhiteElo "2370"]
[BlackElo "2400"]

1.d4 Nf6 2.Bg5 e6 3.Nf3 c5 4.e3 h6 5.Bh4 b6 6.Bd3 Bb7 7.O-O Be7 8.Nbd2 Nc6
9.c3 O-O 10.a3 d6 11.Qe2 Rc8 12.Rfd1 Rc7 13.e4 Nh5 14.Bxe7 Qxe7 15.Qe3 e5
16.d5 Nb8 17.c4 Nf4 18.Bc2 Bc8 19.b4 Qf6 20.bxc5 Rxc5 21.Ne1 Qg6 22.g3 Nh3+
23.Kg2 Na6 24.Nd3 Rc7 25.f4 f5 26.fxe5 f4 27.Qe1 dxe5 28.Nxe5 Qh5 29.Ndf3 Re7
30.d6 Rxe5 31.d7 Bxd7 32.Rxd7 Nc5 33.Nxe5 Qxe5 34.Rd5 Qe6 35.Qc3 f3+ 36.Kf1 Ng5
37.Rf5 Ncxe4 38.Rxf8+ Kxf8 39.Bxe4 Nxe4 40.Qxf3+ Kg8 41.Qe3 Qxc4+ 42.Kg2 Qc2+
43.Kg1 Ng5 44.Rf1 Nh3+ 45.Kh1 Qc4 46.Qe8+ Kh7 47.Qf7  1-0

[Event "Dieren op"]
[Site "Dieren"]
[Date "1988.??.??"]
[Round "3"]
[White "Kerkmeester, Heico"]
[Black "Timmer, Robert"]
[Result "1/2-1/2"]
[WhiteElo "2245"]
[BlackElo "2295"]

1.d4 Nf6 2.Bg5 e6 3.Nf3 c5 4.c3 Be7 5.Nbd2 b6 6.e4 cxd4 7.cxd4 O-O 8.Bxf6 Bxf6
9.e5 Be7 10.Bd3 Bb7 11.h4 f5 12.exf6 gxf6 13.Ng5 fxg5 14.Qh5 Rf7 15.hxg5 Bxg5
16.Bxh7+ Kf8 17.Ne4 Bxe4  1/2-1/2

[Event "Edinburgh op"]
[Site "Edinburgh"]
[Date "1988.??.??"]
[Round "4"]
[White "Cooper, Lawrence"]
[Black "Grant, Jonathan"]
[Result "1-0"]
[WhiteElo "2430"]
[BlackElo "2200"]

1.d4 Nf6 2.Bg5 e6 3.e3 h6 4.Bh4 g5 5.Bg3 Bg7 6.Bd3 d6 7.Nd2 Qe7 8.e4 Nc6
9.c3 Bd7 10.a4 a5 11.h4 e5 12.d5 Nb8 13.Qb3 Bc8 14.Ne2 Nfd7 15.Nc4 Na6 16.Ne3 Nac5
17.Qc2 Nxd3+ 18.Qxd3 Nc5 19.Qc2 Bd7 20.f3 Bf6 21.hxg5 Bxg5 22.Bf2 f5 23.Nxf5 Bxf5
24.exf5 e4 25.Bxc5 exf3 26.gxf3 dxc5 27.Qe4 O-O-O 28.Qxe7 Bxe7 29.Nf4 Rhe8
30.c4 Rd6 31.Ne6 Bg5 32.f4 Bxf4 33.O-O Be3+ 34.Kh1 Rd7 35.Ra3 Bd4 36.Rh3 Rh8
37.b3 h5 38.Rg3 Rf7 39.Rg6 h4 40.f6 b6 41.Ng5 Rxf6 42.Rgxf6 Bxf6 43.Rxf6 Rg8
44.Rf5 c6 45.dxc6 Kc7 46.Kh2 Kxc6 47.Kh3 Re8 48.Kxh4 Re3 49.Rf3 Re1 50.Rd3 Rg1
51.Rg3 Rf1 52.Kg4 Kd6 53.Rf3 Rg1+ 54.Kf4 Rd1 55.Re3 Rd4+ 56.Ne4+ Ke6 57.Kf3 Kf5
58.Nc3 Rd6 59.Nd5 Rh6 60.Ke2 Rh2+ 61.Kd3 Rh6 62.Kc3 Kg4 63.Re7  1-0

[Event "Eger op"]
[Site "Eger"]
[Date "1988.??.??"]
[Round "?"]
[White "Sell, Achim"]
[Black "Roeder, Mathias"]
[Result "0-1"]
[WhiteElo "2200"]
[BlackElo "2330"]

1.d4 Nf6 2.Bg5 e6 3.e4 h6 4.Bxf6 Qxf6 5.Nf3 d6 6.e5 Qd8 7.Bd3 Nd7 8.O-O g6
9.Re1 Bg7 10.Nc3 O-O 11.Qe2 c5 12.exd6 cxd4 13.Nb5 Qb6 14.Nc7 Rb8 15.Bxg6 fxg6
16.Qxe6+ Kh7 17.Nh4 Ne5 18.Qe7 d3 19.Re3 Rf7 20.Qe8 Qxd6 21.Rxe5 Qxc7 22.Rc5 Qxc5
23.Qxf7 Qh5 24.Qf4 dxc2 25.Re1 Qd1 26.Qe4 Bf5 27.Nxf5 c1=Q  0-1

[Event "Eger op"]
[Site "Eger"]
[Date "1988.??.??"]
[Round "?"]
[White "Dobos, Jozsef"]
[Black "Kohlweyer, Bernd"]
[Result "1/2-1/2"]
[WhiteElo "2260"]
[BlackElo "2325"]

1.d4 Nf6 2.Bg5 e6 3.Nd2 c5 4.e3 b6 5.Ngf3 Bb7 6.Bd3 cxd4 7.exd4 Be7 8.c3 h6
9.Bh4 O-O 10.Qe2 d6 11.h3 Nd5 12.Bg3 Nd7 13.O-O N7f6 14.Nh2 a6 15.Ng4 Re8
16.Ne4 Nxg4 17.hxg4 Nf6 18.Nd2 e5 19.dxe5 dxe5 20.f3 Bc5+ 21.Bf2 Qc7 22.Ne4 Bxf2+
23.Kxf2 Bxe4 24.Bxe4 Red8 25.Rad1 b5 26.g3 Qc5+ 27.Kg2 g6 28.Rxd8+ Rxd8 29.Rd1 Rxd1
30.Qxd1 Qc4 31.Bb1 Qe6 32.Qd3 Qc6 33.Qe2 Qd5 34.Kh2 Qc5 35.Bc2 h5 36.gxh5 Nxh5
37.a4 Nf6 38.axb5 axb5 39.Bd3 Ne8 40.Bxb5 Nd6 41.Bd3 f5 42.Bb1 Kg7 43.Qd2 Nc4
44.Qd7+ Kf6 45.Ba2 Qf2+ 46.Kh3 Qf1+ 47.Kh2  1/2-1/2

[Event "Esbjerg-B"]
[Site "Esbjerg"]
[Date "1988.??.??"]
[Round "7"]
[White "Rewitz, Poul"]
[Black "Riemersma, Liafbern"]
[Result "0-1"]
[WhiteElo "2245"]
[BlackElo "2380"]

1.d4 Nf6 2.Bg5 e6 3.e4 h6 4.Bxf6 Qxf6 5.Nf3 d6 6.Nc3 g6 7.Bd3 Bg7 8.Qd2 Nd7
9.O-O-O O-O 10.h4 c5 11.h5 g5 12.Ne2 cxd4 13.Nfxd4 d5 14.c3 dxe4 15.Bxe4 Nc5
16.Bb1 Qxf2 17.g4 e5 18.Rhf1 Qg2 19.Rg1 Qd5 20.Qc2 e4 21.Nf5 Nd3+ 22.Qxd3 Qxd3
23.Bxd3 Bxf5 24.gxf5 exd3 25.Rxd3 Rad8 26.Rgd1 Rxd3 27.Rxd3 Re8 28.Kd2 Re5
29.Rd8+ Kh7 30.Rd7 Rxf5 31.Rxb7 a6 32.b4 g4 33.a4 Be5 34.c4 g3 35.b5 axb5
36.cxb5 g2 37.Ke3 Bh2 38.a5 Re5+ 39.Kf2 Rxe2+ 40.Kxe2 g1=Q 41.Rxf7+ Kg8 42.Rf2 Qg4+
43.Kf1  0-1

[Event "Esbjerg-B"]
[Site "Esbjerg"]
[Date "1988.??.??"]
[Round "10"]
[White "Hansen, Mads Smith"]
[Black "Riemersma, Liafbern"]
[Result "0-1"]
[WhiteElo "2245"]
[BlackElo "2380"]

1.d4 Nf6 2.Bg5 e6 3.Nf3 h6 4.Bh4 b6 5.e3 Bb7 6.Bd3 d6 7.O-O Nbd7 8.Nbd2 Be7
9.c3 O-O 10.e4 Nh5 11.Bxe7 Qxe7 12.Re1 e5 13.Bf1 Nhf6 14.a4 a5 15.Qb1 Nh7
16.b4 Ng5 17.Nxg5 Qxg5 18.Qc2 d5 19.Bb5 c6 20.Bd3 axb4 21.Nf3 Qf6 22.exd5 exd4
23.Bf5 d3 24.Bxd3 bxc3 25.dxc6 Bxc6 26.Be4 Bxe4 27.Rxe4 Rfc8 28.Re3 b5 29.Rd1 b4
30.Rxd7 b3 31.Qxb3 c2 32.Re8+ Rxe8 33.Qxc2 Qa1+ 34.Rd1 Qxa4 35.Qxa4 Rxa4
36.g3 Ra2 37.Kg2 Ree2 38.Rf1 g6 39.Nd4 Reb2 40.Kf3 Ra3+ 41.Ke4 Ra4 42.Ke3  0-1

[Event "BL2-SW8788"]
[Site "Germany"]
[Date "1988.??.??"]
[Round "?"]
[White "Bletz, Harald"]
[Black "Messmer, Martin"]
[Result "0-1"]
[WhiteElo "2285"]
[BlackElo "2315"]

1.d4 Nf6 2.Bg5 e6 3.e4 h6 4.Bxf6 Qxf6 5.Nf3 d6 6.Nc3 a6 7.Bd3 Nd7 8.e5 Qe7
9.O-O d5 10.Ne2 Nb6 11.a4 Bd7 12.a5 Nc8 13.c4 Bc6 14.Nf4 Qd7 15.b3 Ne7 16.Nd2 dxc4
17.Nxc4 Nd5 18.Qg4 Nxf4 19.Qxf4 O-O-O 20.Be2 Bb4 21.Rfd1 Kb8 22.Rac1 Qe7
23.Ne3 Bd5 24.Nxd5 Rxd5 25.Bf3 Rxa5 26.Qe4 Rb5 27.d5 exd5 28.Rxd5 Rxd5 29.Qxd5 c6
30.Qd4 Ba5 31.b4 Rd8 32.Qc4 Bxb4 33.g3 a5 34.Rc2 Qxe5 35.Qxf7 Rf8 36.Qb3 Qf5
37.Kg2 Rd8  0-1

[Event "Kobanya op"]
[Site "Kobanya"]
[Date "1988.??.??"]
[Round "?"]
[White "Brandics, Jozsef"]
[Black "Klauser, Markus"]
[Result "1/2-1/2"]
[WhiteElo "2380"]
[BlackElo "2345"]

1.d4 Nf6 2.Bg5 e6 3.e4 h6 4.Bxf6 Qxf6 5.Nc3 d6 6.Nf3 Nc6 7.Bb5 a6 8.e5 Qd8
9.Bxc6+ bxc6 10.O-O Be7 11.Ne4 O-O 12.c3 Bb7 13.Re1 a5 14.a3 a4 15.c4 c5
16.dxc5 d5 17.cxd5 exd5 18.Nc3 Qd7 19.e6 fxe6 20.Ne5 Qe8 21.c6 Bxc6 22.Nxc6 Qxc6
23.Nxd5 Bxa3 24.Nf6+ Rxf6 25.bxa3 Qc5 26.Re2 Raf8 27.Qc2 Qd4 28.Rf1 c5 29.Rd2 Qf4
30.g3 Qg5 31.Rd7 Rf4 32.Rc7 R4f5 33.Qxa4 Qd2 34.Qd7 Qxd7 35.Rxd7 Rc8 36.Re7 c4
37.Rxe6 c3 38.Re2 Ra5 39.Ra1 Rca8 40.Rea2 Kf7 41.a4 Ke6 42.Rc1 Rc8 43.Ra3 Rac5
44.a5 Kd5 45.a6 Kd4 46.a7 Ra8 47.Kf1 Rc7 48.Ke2 g5 49.Ra4+ Rc4 50.Rca1 c2
51.Rxc4+ Kxc4 52.Ra6 c1=N+ 53.Kf3 Nd3 54.Rxh6 Rxa7 55.Rf6 Ra2 56.Kg2 Kd4
57.h3 Ke4 58.Rf8 Ne1+ 59.Kf1 Nf3 60.Kg2 Ne5 61.Rf6 Ra8 62.Kf1 Ra3 63.Kg2 Rf3
64.Re6 Rf8 65.Re7 Ra8 66.Rb7 Ra2 67.Rb8 Nd3 68.Rf8 Ra1 69.Re8+ Kd4 70.Rd8+ Kc3
71.Rd5 Kd2 72.Kf3 Rf1 73.Ke4 Re1+  1/2-1/2

[Event "Reggio Emilia8889-B"]
[Site "Reggio Emilia"]
[Date "1988.??.??"]
[Round "5"]
[White "Crisan, Alexandru"]
[Black "Weindl, Alfred"]
[Result "1/2-1/2"]
[WhiteElo "2305"]
[BlackElo "2420"]

1.d4 Nf6 2.Bg5 e6 3.e4 h6 4.Bxf6 Qxf6 5.Nf3 Qd8 6.Bd3 Be7 7.O-O d6 8.Qe2 Nd7
9.Nbd2 e5 10.c3 Bf6 11.Rfe1 O-O 12.Rad1 Qe7 13.Nc4 Nb6 14.Ne3 g6 15.Bc2 Kg7
16.h3 c6 17.Bb3 exd4 18.Nxd4 Qxe4 19.Qd2 Bxd4 20.cxd4 Qf4 21.Qb4 d5 22.a4 Nd7
23.Bc2 Nf6 24.b3 Qc7 25.Nf1 Be6 26.Nd2 Rfe8 27.Nf3 Qe7 28.Qa5 Qd8 29.Qb4 Qb6
30.Qd2 Nd7 31.Qf4 Rac8 32.Re3 c5 33.dxc5 Qxc5 34.Nd4 Qc7 35.Qh4 Qd8 36.Qg3 Qg5
37.Qd6 Qe7 38.Qg3 Qg5  1/2-1/2

[Event "Thessaloniki ol (Men)"]
[Site "Thessaloniki"]
[Date "1988.??.??"]
[Round "2"]
[White "Tapaszto, Laszlo"]
[Black "Barus, Cerdas"]
[Result "0-1"]
[WhiteElo "2200"]
[BlackElo "2330"]

1.d4 Nf6 2.Bg5 e6 3.Nc3 Bb4 4.e4 h6 5.Bxf6 Qxf6 6.Nf3 c5 7.e5 Qd8 8.a3 Bxc3+
9.bxc3 d5 10.exd6 Qxd6 11.Qd3 Bd7 12.Ne5 O-O 13.Rb1 Bc6 14.Be2 Nd7 15.Nxc6 bxc6
16.O-O Nb6 17.dxc5 Qxc5 18.Rb4 Rad8 19.Qg3 Rd5 20.h4 Qd6 21.Qxd6 Rxd6 22.Rd1 Rxd1+
23.Bxd1 Rd8 24.Rd4 Rd5 25.Rxd5 exd5 26.Be2 Kf8 27.Kf1 Ke7 28.Ke1 Kd6 29.Kd2 Kc5
30.Kc1 Nc4 31.a4 a5 32.Bh5 f6 33.Bg6 Nb6 34.Kb2 Nxa4+ 35.Kb3 Nb6 36.Bd3 Nd7
37.Ka4 Kb6 38.Bf5 Ne5 39.Kb3 g6 40.Be6 Kb5 41.f4 Nc4 42.g4 g5 43.fxg5 fxg5
44.hxg5 hxg5 45.Bd7 a4+ 46.Ka2 Ne3 47.Kb2 Nd1+ 48.Ka3 Nxc3 49.Kb2 Nd1+ 50.Ka3 Ne3
51.Kb2 Nc4+ 52.Ka2 Ne5 53.Be6 Kb4 54.Bf5 d4 55.Be6 c5 56.Bf5 c4 57.Kb2 a3+
58.Ka2 d3 59.cxd3 cxd3 60.Be6 d2 61.Bb3 Nxg4 62.Bc2 Ne3 63.Bd1 Nxd1 64.Ka1  0-1

[Event "Thessaloniki ol (Men)"]
[Site "Thessaloniki"]
[Date "1988.??.??"]
[Round "9"]
[White "West, Guy"]
[Black "Franzoni, Giancarlo"]
[Result "1/2-1/2"]
[WhiteElo "2300"]
[BlackElo "2435"]

1.d4 Nf6 2.Bg5 e6 3.e4 h6 4.Bxf6 Qxf6 5.Nf3 b6 6.Bd3 Bb7 7.Nbd2 Nc6 8.c3 g5
9.e5 Qe7 10.Ne4 Bg7 11.Qe2 O-O-O 12.Ba6 d6 13.Bxb7+ Kxb7 14.exd6 cxd6 15.O-O g4
16.Ne1 f5 17.Nd2 Qd7 18.a4 e5 19.dxe5 dxe5 20.Nc4 Kb8 21.Qc2  1/2-1/2

[Event "EU-ch U20"]
[Site "Arnhem"]
[Date "1989.??.??"]
[Round "?"]
[White "Sjodahl, Pontus"]
[Black "Hracek, Zbynek"]
[Result "0-1"]
[WhiteElo "2280"]
[BlackElo "2390"]

1.d4 Nf6 2.Bg5 e6 3.e4 h6 4.Bxf6 Qxf6 5.Nf3 b6 6.Bd3 Bb7 7.Nbd2 g6 8.c3 Bg7
9.Qe2 Qe7 10.Nc4 d6 11.O-O-O Nd7 12.Rhe1 a6 13.Kb1 Rb8 14.Nfd2 O-O 15.f4 b5
16.Na5 c5 17.e5 c4 18.exd6 Qxd6 19.Nxb7 Rxb7 20.Be4 Rbb8 21.g3 Rfc8 22.Bf3 b4
23.Ne4 Qb6 24.Ka1 bxc3 25.bxc3 Qa5 26.Qc2 Rb3 27.Rc1 Rcb8 28.Be2 Qa3 29.Bxc4 Rb2
30.Qd3 Rxa2+ 31.Bxa2  0-1

[Event "Benidorm op"]
[Site "Benidorm"]
[Date "1989.??.??"]
[Round "?"]
[White "Hodgson, Julian M"]
[Black "Clement Gomez, Jose A"]
[Result "1-0"]
[WhiteElo "2545"]
[BlackElo "2200"]

1.d4 Nf6 2.Bg5 e6 3.e4 h6 4.Bxf6 Qxf6 5.Nf3 b6 6.a4 a5 7.Bd3 Ba6 8.O-O Qd8
9.Re1 Bxd3 10.Qxd3 Be7 11.Nbd2 O-O 12.c3 d5 13.exd5 exd5 14.Ne5 Bd6 15.Nf1 Bxe5
16.dxe5 c6 17.Ne3 Na6 18.Nf5 Ra7 19.f4 Qd7 20.Qh3 Nc5 21.Qg4 g6 22.Nxh6+ Kg7
23.f5 Rh8 24.e6 Qd6 25.f6+ Kxf6  1-0

[Event "Copenhagen op"]
[Site "Copenhagen"]
[Date "1989.??.??"]
[Round "1"]
[White "Andersen, Ib"]
[Black "Haugli, Petter"]
[Result "0-1"]
[WhiteElo "2215"]
[BlackElo "2380"]

1.d4 Nf6 2.Bg5 e6 3.e4 h6 4.Bxf6 Qxf6 5.Nf3 g6 6.Nc3 Bg7 7.Qd2 d6 8.O-O-O Qe7
9.Bd3 a6 10.Rhe1 Nd7 11.Kb1 b5 12.e5 d5 13.Ne2 Nb6 14.Nc1 Nc4 15.Qe2 c5 16.c3 Bf8
17.dxc5 Qxc5 18.Nd4 Bd7 19.f4 h5 20.h3 h4 21.Ncb3 Qb6 22.Nf3 a5 23.Nbd4 Rc8
24.Rc1 Bc5 25.Red1 Rc7 26.Ng5 Be7 27.Ndf3 Ne3 28.Re1 Nf5 29.Bxf5 gxf5 30.Red1 Rc4
31.Rd4 Bc5 32.Rxc4 bxc4 33.Rf1 Ke7 34.Ka1 Be3 35.Nd2 Rb8 36.Nb1 Bb5 37.Na3 Ba6
38.Nb1 d4 39.Na3 d3  0-1

[Event "Copenhagen Obro op"]
[Site "Copenhagen"]
[Date "1989.??.??"]
[Round "1"]
[White "Thuesen, Mogens"]
[Black "Schandorff, Lars"]
[Result "0-1"]
[WhiteElo "2295"]
[BlackElo "2455"]

1.d4 Nf6 2.Bg5 e6 3.e4 h6 4.Bxf6 Qxf6 5.Nf3 d6 6.Nc3 g6 7.Qd2 Bg7 8.O-O-O Qe7
9.h4 a6 10.g3 b5 11.Bh3 Bb7 12.Rhe1 O-O 13.Nh2 b4 14.Ne2 a5 15.Bg2 Nc6 16.f4 a4
17.e5 b3 18.cxb3 axb3 19.a3 d5 20.Qc3 Na5 21.Qc5 Qd7 22.Nc3 Rfb8 23.Ng4 Qd8
24.Nf6+ Bxf6 25.exf6 Qxf6 26.Qxc7 Qf5 27.Re2 Ba6 28.Rf2 Nc4 29.Bf1 Rc8 30.Qe7 Ne3
31.Bxa6 Nxd1 32.Bxc8 Nxf2 33.Qb4 Qc2+  0-1

[Event "Copenhagen op"]
[Site "Copenhagen"]
[Date "1989.??.??"]
[Round "3"]
[White "Andersen, Ib"]
[Black "Sorensen, Henrik"]
[Result "1/2-1/2"]
[WhiteElo "2215"]
[BlackElo "2295"]

1.d4 Nf6 2.Bg5 e6 3.Nf3 c5 4.e3 Qb6 5.Bxf6 gxf6 6.b3 Nc6 7.c3 d5 8.Be2 Bd7
9.O-O Be7 10.Nbd2 cxd4 11.exd4 a5 12.Re1 O-O 13.Bd3 Kh8 14.Nf1 Rg8 15.Ng3 f5
16.Qd2 Rg6 17.Nh5 Qc7 18.g3 Rag8 19.Nf4 Rg4 20.Kh1 Qb8 21.Bb5 Bg5 22.Nxg5 R4xg5
23.Nd3 Qd6 24.Qf4 Qxf4 25.Nxf4 Nb8 26.Bf1 Rc8 27.Rac1 Bc6 28.Bd3 Nd7 29.Kg1 b5
30.f3 Rgg8 31.Kf2 Nb6 32.Rc2 Rc7 33.Bf1 Rgc8 34.Rec1 Be8 35.Bd3 a4 36.Ke3 axb3
37.axb3 Ra7 38.Kd2 Ra3 39.Rb2 Rca8 40.Bc2 Bc6 41.Re1 Bd7 42.Nd3 Be8 43.Nb4 Ra1
44.Rxa1 Rxa1 45.Bb1 Ra7 46.Ra2 Rxa2+ 47.Nxa2 Nd7 48.Bd3 Nb8 49.Kc2 Kg7 50.Kb2 Kf6
51.Ka3 Na6 52.Nb4 Nb8 53.Kb2 Ke7 54.Kc2 Kd6 55.Kd2 f6 56.Ke3 h6 57.Be2 Bd7
58.f4 Be8 59.Bd3 Bd7 60.Bf1 Be8 61.Be2  1/2-1/2

[Event "DEN-chB"]
[Site "DEN"]
[Date "1989.??.??"]
[Round "?"]
[White "Thuesen, Mogens"]
[Black "Sorensen, Henrik"]
[Result "0-1"]
[WhiteElo "2295"]
[BlackElo "2295"]

1.d4 Nf6 2.Bg5 e6 3.e4 h6 4.Bxf6 Qxf6 5.Nf3 d6 6.Nc3 Nd7 7.Qd2 a6 8.O-O-O Qe7
9.g4 g6 10.h4 Bg7 11.Bg2 b5 12.Rhe1 O-O 13.e5 d5 14.g5 h5 15.Ng1 Nb6 16.f4 Nc4
17.Qd3 Qb4 18.Rd2 Qxb2+ 19.Kd1 Nxd2 20.Kxd2 c6 21.Nge2 Qa3 22.Nc1 c5 23.Nxd5 Qxd3+
24.cxd3 exd5 25.Bxd5 Ra7 26.dxc5 Rd8 27.Be4 Bf8 28.Nb3 a5 29.Kc3 b4+ 30.Kc4 Ba6+  0-1

[Event "FRA-chT"]
[Site "?"]
[Date "1989.??.??"]
[Round "?"]
[White "Bricard, Emmanuel"]
[Black "Gallagher, Joseph G"]
[Result "0-1"]
[WhiteElo "2370"]
[BlackElo "2405"]

1.d4 Nf6 2.Bg5 e6 3.Nd2 d5 4.e3 c5 5.c3 Qb6 6.Rb1 Nc6 7.Bd3 cxd4 8.exd4 Bd6
9.Ngf3 Qc7 10.O-O Ng4 11.h3 h6 12.Be3 Nxe3 13.fxe3 f5 14.c4 O-O 15.Qb3 Qe7
16.Rbe1 Bg3 17.Re2 a5 18.a3 a4 19.Qa2 Kh8 20.cxd5 exd5 21.Qxd5 Be6 22.Qc5 Qd7
23.Bb5 Rfc8 24.Qc3 Qe7 25.Qd3 Rd8 26.Kh1 Qf7 27.Nc4 Bd5 28.Ncd2 Qh5 29.Bc4 Ne5
30.dxe5 Bxf3 31.Rxf3 Rxd3 32.Bxd3 Bxe5 33.Rxf5 Qe8 34.Nf3 Bf6 35.e4 Rd8 36.Bb5 Qe6
37.Bxa4 g6 38.Rb5 Qc4 39.Rb6 Qxe2 40.Rxf6 Qxe4  0-1

[Event "Kehl BM"]
[Site "Kehl"]
[Date "1989.??.??"]
[Round "6"]
[White "Gerstner, Wolfgang"]
[Black "Pfrommer, Christoph"]
[Result "1/2-1/2"]
[WhiteElo "2365"]
[BlackElo "2335"]

1.d4 Nf6 2.Bg5 e6 3.e4 h6 4.Bxf6 Qxf6 5.Nf3 g6 6.Bd3 Bg7 7.Qe2 Qe7 8.Nbd2 d6
9.e5 d5 10.O-O O-O 11.h4 b6 12.h5 c5 13.c3 g5 14.Nh2 cxd4 15.cxd4 Nc6 16.Qe3 f5
17.Rfc1 Bb7 18.Nb3 Rfc8 19.a3 Rc7 20.g4 f4 21.Qe2 Rac8 22.Nf3 Nb8 23.Qd2 Rxc1+
24.Rxc1 Rxc1+  1/2-1/2

[Event "Las Palmas op"]
[Site "Las Palmas"]
[Date "1989.??.??"]
[Round "?"]
[White "Fernandes, Antonio"]
[Black "Miralles, Gilles"]
[Result "1-0"]
[WhiteElo "2390"]
[BlackElo "2400"]

1.d4 Nf6 2.Bg5 e6 3.e4 Be7 4.Bd3 c5 5.e5 Nd5 6.Bxe7 Qxe7 7.dxc5 Nf4 8.g3 Nxd3+
9.Qxd3 b6 10.Nc3 Bb7 11.Nf3 Na6 12.Ne4 O-O 13.O-O Nxc5 14.Nxc5 Qxc5 15.Ng5 g6
16.Rae1 d6 17.Ne4 Bxe4 18.Rxe4 dxe5 19.Rfe1 Rac8 20.c3 Rfd8 21.Qf3 Qd5 22.Qf6 Qxa2
23.h4 Qxb2 24.h5 Qa3 25.hxg6 fxg6 26.Qxe6+ Kg7 27.Qxe5+ Kg8 28.Qe6+ Kg7 29.Qe5+ Kg8
30.Qe6+ Kg7 31.Rf4 Rf8 32.Rd1 Rce8 33.Rd7+ Kh8 34.Rff7 Qc1+ 35.Kg2 Qh6 36.Qf6+ Kg8
37.Rg7+  1-0

[Event "London WFW"]
[Site "London"]
[Date "1989.??.??"]
[Round "?"]
[White "Hodgson, Julian M"]
[Black "King, Daniel J"]
[Result "1/2-1/2"]
[WhiteElo "2545"]
[BlackElo "2500"]

1.d4 Nf6 2.Bg5 e6 3.Nf3 h6 4.Bh4 d5 5.Nbd2 Nbd7 6.e3 Be7 7.Bd3 b6 8.a4 c5
9.c3 Bb7 10.Ne5 O-O 11.Bxf6 Bxf6 12.Nxd7 Qxd7 13.f4 a5 14.h4 Be7 15.g4 cxd4
16.cxd4 g6 17.Nf3 Ba6 18.Ne5 Qd6 19.Bxa6 Rxa6 20.Qd3 Raa8 21.g5 Rfc8 22.O-O Bf8
23.h5 gxh5 24.f5 hxg5 25.f6 Qc7 26.Qe2 g4 27.Qh2 Qc2 28.Qxh5 Qh7 29.Qg5+ Kh8
30.Rf2 g3 31.Qxg3 Bh6 32.Rh2 Rg8 33.Nxf7+ Qxf7 34.Rxh6+ Qh7 35.Rxh7+ Kxh7
36.Kf2 Rxg3 37.Kxg3 Kg6 38.Rf1 Rf8 39.f7 Rxf7 40.Rxf7 Kxf7 41.Kf4 Kf6 42.e4 dxe4
43.Kxe4 Ke7 44.Kd3 Kd6 45.Kc4 Kc6  1/2-1/2